Logo BPK

Biblioteka

Politechniki Koszalińskiej

Germinal / (Rekord nr 55691)

Szczegóły MARC
000 -ETYKIETA REKORDU
podpole kontrolne o stałej długości 00892nam a2200277 i 4500
001 - NUMER KONTROLNY REKORDU
pole kontrolne bg
020 ## - MIĘDZYNARODOWY ZNORMALIZOWANY NUMER KSIĄŻKI - ISBN
ISBN 8498191645 (całość)
020 ## - MIĘDZYNARODOWY ZNORMALIZOWANY NUMER KSIĄŻKI - ISBN
ISBN 8498191688
040 ## - ŹRÓDŁO KATALOGOWANIA
Instytucja, która utworzyła rekord BPK
041 1# - KOD JĘZYKA
Kod języka tekstu pol
Kod języka oryginału fre
044 ## - KOD KRAJU WYDAWCY/PRODUCENTA
Kod kraju wydawcy/producenta POL
080 ## - UNIWERSALNA KLASYFIKACJA DZIESIĘTNA - UKD
UKD 821.133.1-3
920 ## - Międzynarodowy znormalizowany numer książki – ISBN
ISBN 84-9819-164-5 (całość)
920 ## - Międzynarodowy znormalizowany numer książki – ISBN
ISBN 84-9819-168-8
008 - POLE O STAŁEJ DŁUGOŚCI - DANE KONTROLNE
podpole kontrolne o stałej długości s pl f |000 0 pol
100 1# - NAZWA OSOBOWA
Nazwa osobowa Zola, Émil
Daty związane z nazwą (1840-1902).
245 10 - TYTUŁ/ODPOWIEDZIALNOŚĆ
Tytuł Germinal /
Pozostałe elementy strefy tytułu i oznaczenia odpowiedzialności Emil Zola ; przekł. Krystyna Dolatowska.
260 ## - STREFA ADRESU WYDAWNICZEGO
Miejsce wydania [s.l.] :
Nazwa wydawcy/dystrybutora Mediasat Group,
Data publikacji, dystrybucji/powstania dokumentu 2005.
300 ## - STREFA OPISU FIZYCZNEGO
Objętość 415, [1] s. ;
Rozmiary 21 cm.
490 1# - STREFA SERII I DOKUMENTU WIELOCZĘŚCIOWEGO - FORMA NIE DO WYSZUKIWANIA
Tytuł i oznaczenie odpowiedzialności serii Biblioteka Gazety Wyborczej : XIX wiek ;
Numeracja w obrębie serii 4
500 ## - UWAGI OGÓLNE
Tekst uwagi Wyd. we współpr. merytorycznej z Zakładem Narodowym im. Ossolińskich - Wydawnictwo, Wrocław.
650 #9 - HASŁO PRZEDMIOTOWE W FORMIE NAZWY OGÓLNEJ LUB JEDNOSTKOWEJ
Nazwa ogólna lub geograficzna Powieść francuska
Określnik chronologiczny 19 w.
700 1# - HASŁO DODATKOWE - NAZWA OSOBOWA
Nazwa osobowa Dolatowska, Krystyna
Daty związane z nazwą (1923- ).
Określenie związku między hasłem a opisywanym materiałem Tł.
830 #0 - HASŁO DODATKOWE SERII LUB DOKUMENTU WIELOCZĘŚCIOWEGO - TYTUŁ UJEDNOLICONY
Tytuł ujednolicony Biblioteka Gazety Wyborczej ;
Oznaczenie tomu 4
856 ## - LOKALIZACJA I DOSTĘP DO ELEKTRONICZNYCH DOKUMENTÓW ZDALNYCH
Link (URL) http://koha.tu.koszalin.pl/cgi-bin/koha/opac-detail.pl?biblionumber=55691
Tekst linku Katalog online BPK
942 ## - DODATKOWE ELEMENTY (KOHA)
Typ dokumentu Książka
Egzemplarze
Wycofany Status egzemplarza Uszkodzony Dostępność Lokalizacja stała Lokalizacja bieżąca Miejsce przechowywania Sygnatura Kod kreskowy Typ dokumentu
      Dostępny Biblioteka Politechniki Koszalińskiej Biblioteka Politechniki Koszalińskiej Wypożyczalnia BG 89089 02441849 Książka
© 2023 Biblioteka Politechniki Koszalińskiej :: KOHA